[Event "POTENTIALLY IMMORTAL GAMES"]
[Site "SchemingMind.com"]
[Date "2020.05.14"]
[Round "-"]
[White "grabapawn"]
[Black "dvoretsky"]
[Result "0-1"]
[WhiteCountry "USA"]
[BlackCountry "ENG"]
[WhiteElo "1490"]
[WhiteRD "61"]
[BlackElo "2501"]
[BlackRD "97"]
[GameID "454826"]

1. d4 Nf6 2. Bf4 d5 3. e3 c5 4. c3 Nc6 5. Bd3 Qb6 6. Na3 c4 7. Bc2 Qxb2 8. Qc1 Qxc3+ 9. Kf1 e5 10. Bxe5 Bxa3
11. Qd1 Bg4 12. Nf3 Ne4 13. h3 Bf5 14. g4 Nxf2 15. Kxf2 Bxc2 16. Qd2 Qxd2+ 17. Nxd2 Nxe5 18. Rag1 Nd3+ 19. Ke2 O-O 20. Rh2 f5
21. gxf5 Nc1+ 22. Kf3 Rxf5+ 23. Kg4 h5+ 24. Kg3 Rg5+ 25. Kf2 Nd3+
0-1

[Event "POTENTIALLY IMMORTAL GAMES"]
[Site "SchemingMind.com"]
[Date "2020.05.14"]
[Round "-"]
[White "dvoretsky"]
[Black "grabapawn"]
[Result "1-0"]
[WhiteCountry "ENG"]
[BlackCountry "USA"]
[WhiteElo "2501"]
[WhiteRD "97"]
[BlackElo "1490"]
[BlackRD "61"]
[GameID "454827"]

1. e4 d6 2. d4 Nf6 3. Nc3 Nbd7 4. Nf3 e5 5. Bc4 h6 6. O-O Be7 7. Re1 c6 8. a4 Qc7 9. h3 g5 10. a5 Nf8
11. Ne2 Ng6 12. Ng3 g4 13. hxg4 Nxg4 14. Nf5 d5 15. Bd3 exd4 16. exd5 cxd5 17. Bb5+ Bd7 18. Qxd4 O-O-O 19. Nxe7+ Nxe7 20. Rxe7 Rhe8
21. Bxd7+ Rxd7 22. Rxe8+ Rd8 23. Qxg4+ Qd7 24. Rxd8+ Kxd8 25. Qh5 d4 26. Bxh6
1-0

[Event "POTENTIALLY IMMORTAL GAMES"]
[Site "SchemingMind.com"]
[Date "2020.05.14"]
[Round "-"]
[White "GBEDARD"]
[Black "dvoretsky"]
[Result "0-1"]
[WhiteCountry "USA"]
[BlackCountry "ENG"]
[WhiteElo "1607"]
[WhiteRD "84"]
[BlackElo "2505"]
[BlackRD "98"]
[GameID "454830"]

1. e4 c5 2. Nf3 d6 3. d4 cxd4 4. Nxd4 Nf6 5. Nc3 a6 6. Be3 e5 7. Nf3 Be7 8. Bc4 O-O 9. O-O Be6 10. Bb3 Nc6
11. Qe2 Qc7
0-1

[Event "POTENTIALLY IMMORTAL GAMES"]
[Site "SchemingMind.com"]
[Date "2020.05.14"]
[Round "-"]
[White "dvoretsky"]
[Black "GBEDARD"]
[Result "1-0"]
[WhiteCountry "ENG"]
[BlackCountry "USA"]
[WhiteElo "2505"]
[WhiteRD "98"]
[BlackElo "1607"]
[BlackRD "84"]
[GameID "454831"]

1. e4 g6 2. d4 Bg7 3. Nc3 d6 4. Nf3 Nf6 5. Be2 O-O 6. O-O Nc6 7. Re1 a6 8. Bf4 Bg4 9. Bg5 h6 10. Be3 e5
11. d5
1-0

[Event "POTENTIALLY IMMORTAL GAMES"]
[Site "SchemingMind.com"]
[Date "2020.05.14"]
[Round "-"]
[White "private napoleon"]
[Black "dvoretsky"]
[Result "0-1"]
[WhiteCountry "ENG"]
[BlackCountry "ENG"]
[WhiteElo "1834"]
[WhiteRD "92"]
[BlackElo "2564"]
[BlackRD "82"]
[GameID "454832"]

1. e4 c5 2. Nf3 d6 3. d4 cxd4 4. Nxd4 Nf6 5. Nc3 a6 6. Bc4 e6 7. Bb3 Nbd7 8. O-O Nc5 9. Re1 Qc7 10. Qf3 Be7
11. Qg3 O-O 12. Bh6 Ne8 13. Rad1 b5 14. a3 Bf6 15. Bc1 Rb8 16. Ba2 b4 17. axb4 Rxb4 18. Qe3 Bb7 19. f3 h6 20. Nb3 Nd7
21. Kh1 a5 22. Bd2 Ne5 23. Nc1 Rxb2 24. Bb3 Nc4 25. Bxc4 Qxc4 26. Nd3 Rxc2 27. Nb1 Bd4
0-1

[Event "POTENTIALLY IMMORTAL GAMES"]
[Site "SchemingMind.com"]
[Date "2020.05.14"]
[Round "-"]
[White "dvoretsky"]
[Black "private napoleon"]
[Result "1-0"]
[WhiteCountry "ENG"]
[BlackCountry "ENG"]
[WhiteElo "2505"]
[WhiteRD "98"]
[BlackElo "1838"]
[BlackRD "82"]
[GameID "454833"]

1. d4 d5 2. c4 e6 3. Nf3 c6 4. Nc3 Nf6 5. Bg5 Bb4 6. Qb3 Bxc3+ 7. Qxc3 O-O 8. e3 Nbd7 9. Bh4 Qb6 10. c5 Qc7
11. Bg3 Qd8 12. Bd3 Re8 13. Rc1 Nf8 14. O-O Ng6 15. h3 a5 16. a4 Ne4 17. Bxe4 dxe4 18. Nd2 f5 19. Nc4 Rf8 20. Bd6 Re8
21. f3 exf3 22. Rxf3 Ne7 23. Qb3 Nd5 24. Be5 Re7 25. Nd6 Nb4 26. Nxf5 Rf7 27. Nh6+ gxh6 28. Rg3+ Qg5 29. Rxg5+ hxg5 30. Qd1 Nd5
31. Qh5 Ne7 32. Qxg5+ Kf8 33. Rf1
1-0

[Event "POTENTIALLY IMMORTAL GAMES"]
[Site "SchemingMind.com"]
[Date "2020.05.14"]
[Round "-"]
[White "AussieMossie"]
[Black "dvoretsky"]
[Result "1/2-1/2"]
[WhiteCountry "AUS"]
[BlackCountry "ENG"]
[WhiteElo "2553"]
[WhiteRD "68"]
[BlackElo "2556"]
[BlackRD "81"]
[GameID "454834"]

1. e4 e5 2. Nf3 Nc6 3. Bb5 a6 4. Ba4 Nf6 5. O-O Be7 6. Re1 b5 7. Bb3 O-O 8. c3 d5 9. exd5 Nxd5 10. Nxe5 Nxe5
11. Rxe5 c6 12. d4 Bd6 13. Re1 Qh4 14. g3 Qh3 15. Be3 Bg4 16. Qd3 Rae8 17. Nd2 Re6 18. a4 Qh5 19. axb5 axb5 20. Bxd5 Qxd5
21. Qf1 Qh5 22. f3 Bf5 23. Qf2 Qg6 24. f4 Qh5 25. Nf3 Ree8 26. Ne5 f6 27. Nxc6 Be4 28. d5 Qxd5 29. Nd4 b4 30. Qe2 bxc3
31. bxc3 Kh8 32. Rad1 Qf7 33. h3 Bb8 34. Qf1 Rc8 35. Bf2 f5 36. Nb5 h6 37. Rd4 Rfd8 38. Red1 Rxd4 39. Rxd4 Qh5 40. Rd2 Kh7
41. Be3 Qe8 42. Bf2 Ba8 43. Kh2 Qe4 44. h4 Qf3 45. Rd3 Qe4 46. Rd2 Qe6 47. Rd1 Qb3 48. Qe2 Qf7 49. Qf1 Qg8 50. Rd2 Qf7
51. Rd1=
1/2-1/2

[Event "POTENTIALLY IMMORTAL GAMES"]
[Site "SchemingMind.com"]
[Date "2020.05.14"]
[Round "-"]
[White "dvoretsky"]
[Black "AussieMossie"]
[Result "1/2-1/2"]
[WhiteCountry "ENG"]
[BlackCountry "AUS"]
[WhiteElo "2576"]
[WhiteRD "84"]
[BlackElo "2578"]
[BlackRD "72"]
[GameID "454835"]

1. d4 Nf6 2. c4 e6 3. Nf3 b6 4. g3 Ba6 5. b3 Bb4+ 6. Bd2 Be7 7. Bg2 O-O 8. O-O d5 9. Ne5 Bb7 10. Nc3 Nbd7
11. Bf4 c5 12. Rc1 Rc8 13. dxc5 Nxc5 14. Nb5 a5 15. Qc2 h6 16. Rfd1 Qe8 17. Qb2 Ba6 18. Nd4 Bd8 19. h4 Bb7 20. Nb5 Be7
21. a4 Nfe4 22. cxd5 exd5 23. Nd3 f5 24. Be5 Qf7 25. Rc2 Rfe8 26. Bd4 Rf8 27. Bf3 Nxd3 28. exd3 Nc5 29. Re2 Rfe8 30. Re5 Nd7
31. Re3 Nc5 32. Re5 Nd7 33. Re3 Nc5 34. Qe2 Bf8 35. Rb1 Rxe3 36. Bxe3 Re8 37. Qd1 Rd8 38. Bxc5 Bxc5 39. d4 Bb4 40. Rc1 Rd7
41. h5 f4 42. g4 g6 43. hxg6 Qxg6 44. Qc2 Kg7 45. Qe2 Re7 46. Rc7 Qf7 47. Rxe7 Qxe7 48. Qc2 Qd7 49. Qe2 Qe7 50. Qc2 Qd7
51. Qc1 Bd6 52. Nxd6 Qxd6 53. Qc2 Bc6=
1/2-1/2

[Event "POTENTIALLY IMMORTAL GAMES"]
[Site "SchemingMind.com"]
[Date "2020.05.14"]
[Round "-"]
[White "kenneth m day"]
[Black "dvoretsky"]
[Result "0-1"]
[WhiteCountry "USA"]
[BlackCountry "ENG"]
[WhiteElo "1771"]
[WhiteRD "48"]
[BlackElo "2501"]
[BlackRD "97"]
[GameID "454836"]

1. e4 e5 2. Nf3 Nc6 3. c3 d5 4. Qa4 f6 5. d3 Be6 6. Nbd2 Qd7 7. Be2 Bd6 8. exd5 Bxd5 9. Ne4 Nge7 10. O-O Rd8
11. Be3 O-O 12. Nxd6 Nd4 13. Qxd7 Nxe2+ 14. Kh1 Rxd7 15. Ne4 Ng6 16. Rad1 Nef4 17. Nc5 Rd6 18. b3 Nxg2 19. Kxg2 f5 20. Rfe1 Nh4+
21. Kf1 Nxf3 22. Re2 Nxh2+ 23. Kg1 f4 24. Kxh2 Rh6+
0-1

[Event "POTENTIALLY IMMORTAL GAMES"]
[Site "SchemingMind.com"]
[Date "2020.05.14"]
[Round "-"]
[White "dvoretsky"]
[Black "kenneth m day"]
[Result "1-0"]
[WhiteCountry "ENG"]
[BlackCountry "USA"]
[WhiteElo "2466"]
[WhiteRD "99"]
[BlackElo "1758"]
[BlackRD "52"]
[GameID "454837"]

1. d4 Nf6 2. c4 e5 3. dxe5 Ng4 4. Bf4 Nc6 5. Nf3 Bb4+ 6. Nc3 Bxc3+ 7. bxc3 Qe7 8. Qd5 Nh6 9. g3 Qe6 10. h4 Nf5
11. Bh3 d6 12. e4 Qxd5 13. cxd5 Nxe5 14. Bxe5 Nxg3 15. Bxg3
1-0

[Event "POTENTIALLY IMMORTAL GAMES"]
[Site "SchemingMind.com"]
[Date "2020.05.14"]
[Round "-"]
[White "dvoretsky"]
[Black "Sadalmelik"]
[Result "1-0"]
[WhiteCountry "ENG"]
[BlackCountry "ITA"]
[WhiteElo "2556"]
[WhiteRD "81"]
[BlackElo "1562"]
[BlackRD "110"]
[GameID "454838"]

1. e4 e6 2. d4 d5 3. Nc3 c5 4. exd5 exd5 5. dxc5 Nf6 6. Be3 Nc6 7. Nf3 Be7 8. Bb5 O-O 9. h3 a6 10. Bxc6 bxc6
11. O-O Qa5 12. a3 Rd8 13. b4 Qc7 14. Na4 Rb8 15. Re1 Be6 16. Qc1 Ne4 17. Bf4 Nd6 18. Nd4 Ne4 19. Bxc7 Ng5 20. Nxc6 Bf6
21. Nxb8 Rc8 22. Bf4 h6 23. Nb6 Rd8 24. Nc6 Rf8 25. Be5 Bxe5 26. Nxe5 Ne4 27. Qe3 Nf6 28. c6 Ne8 29. Nbd7
1-0

[Event "POTENTIALLY IMMORTAL GAMES"]
[Site "SchemingMind.com"]
[Date "2020.05.14"]
[Round "-"]
[White "Sadalmelik"]
[Black "dvoretsky"]
[Result "0-1"]
[WhiteCountry "ITA"]
[BlackCountry "ENG"]
[WhiteElo "1504"]
[WhiteRD "100"]
[BlackElo "2564"]
[BlackRD "82"]
[GameID "454839"]

1. b4 e5 2. Bb2 Bxb4 3. Bxe5 Nf6 4. Nf3 d5 5. e3 O-O 6. c4 Nc6 7. Bb2 Bg4 8. Be2 Bxf3 9. Bxf3 dxc4 10. O-O Rb8
11. Nc3 Ne5 12. Be2 Nd3 13. Qa4 a5 14. Bxd3 Qxd3 15. Qd1 Rfd8 16. a3 Bf8 17. Re1 b5 18. h3 Qxd2 19. Qxd2 Rxd2 20. Rab1 Nd5
21. Nxd5 Rxd5 22. Bd4 Bxa3 23. Re2 Rbd8 24. Rc2 c5 25. Ba1 Rd1+ 26. Rxd1 Rxd1+
0-1

[Event "POTENTIALLY IMMORTAL GAMES"]
[Site "SchemingMind.com"]
[Date "2020.05.14"]
[Round "-"]
[White "dvoretsky"]
[Black "Nigel John Sheridan"]
[Result "1-0"]
[WhiteCountry "ENG"]
[BlackCountry "SCO"]
[WhiteElo "2501"]
[WhiteRD "97"]
[BlackElo "1970"]
[BlackRD "81"]
[GameID "454840"]

1. e4 e5 2. Nf3 Nf6 3. Nxe5 d6 4. Nf3 Nxe4 5. d4 d5 6. Bd3 Nd6 7. O-O Be7 8. Bf4 O-O 9. Re1 Nc6 10. c3 Be6
11. Qc2 h6 12. Nbd2 Bg4 13. h3 Be6 14. Ne5 Nxe5 15. dxe5 Nc4 16. Nxc4 dxc4 17. Bh7+ Kh8 18. Rad1 Qe8 19. Be4 Qb5 20. a4 Qa6
21. Qc1 Qxa4 22. Bxh6 gxh6 23. Qxh6+
1-0

[Event "POTENTIALLY IMMORTAL GAMES"]
[Site "SchemingMind.com"]
[Date "2020.05.14"]
[Round "-"]
[White "Nigel John Sheridan"]
[Black "dvoretsky"]
[Result "0-1"]
[WhiteCountry "SCO"]
[BlackCountry "ENG"]
[WhiteElo "1995"]
[WhiteRD "81"]
[BlackElo "2505"]
[BlackRD "98"]
[GameID "454841"]

1. e4 e5 2. Nf3 Nc6 3. Bb5 a6 4. Ba4 Nf6 5. O-O Be7 6. d4 exd4 7. Re1 b5 8. Bb3 d6 9. Bd5 Nxd5 10. exd5 Ne5
11. Nxd4 O-O 12. a4 Bg4 13. Qd2 Bd7 14. Nc3 b4 15. Ne4 f5 16. Ng5 Bxg5 17. Qxg5 Qxg5 18. Bxg5 a5 19. Ne6 Bxe6 20. dxe6 h6
21. Bf4 Ng6 22. Bd2 Rf6 23. b3 Kf8 24. Re2 Ke7 25. Rae1 Nf8 26. c3 c5 27. c4 Rxe6 28. f4 Kd7 29. Kf1 Rae8 30. h3 d5
31. cxd5 Rxe2 32. Rxe2 Rxe2 33. Kxe2 Kd6 34. g4 g6 35. Kd3 Kxd5 36. gxf5 gxf5 37. h4 h5 38. Be3 Ne6 39. Kc2 Ke4 40. Bg1 Nd4+
41. Kb1 Nxb3 42. Kc2 Nd4+
0-1